Countries With The Most Total Border Length - Statistics

General Stats
  • This quiz has been taken 27 times
  • The average score is 13 of 15
Answer Stats
Distance Country % Correct
6,006 Argentina
100%
9,129 Brazil
100%
13,762 China
100%
12,438 Russia
100%
7,478 United States
100%
5,526 Canada
95%
8,829 India
90%
7,464 Kazakhstan
90%
6,670 DR Congo
81%
5,110 Mongolia
81%
4,020 Algeria
71%
4,190 Bolivia
67%
4,688 Pakistan
67%
4,203 Sudan
67%
4,501 Mali
57%
No matching quizzes found
Score Distribution
Percent of People with Each Score
Percentile by Number Answered
Your Score History
You have not taken this quiz